00420cam a2200157ua 45000010005000000080039000050400009000440820013000531000024000662450058000902500009001482600033001573000023001906530013002136530036002263589111121n ii |||gr||||Z||||||asm cMAIN a808.8032 aSaikia, Chidananda,11aRangchuwa prithibir seujia bollcby Chidananda Saikia a1st. aGuwahati:bBani Prakash,988. a175p:bill;c23cm. aAssamese aRangchuwa prithibir seujia boll